| 000 | 00396nam a2200145Ia 4500 | ||
|---|---|---|---|
| 008 | 230917s9999||||xx |||||||||||||| ||und|| | ||
| 040 |
_e42778 _aMAIN |
||
| 041 | _aEnglish | ||
| 082 | _a930.1409541 S59N | ||
| 100 | _aSant, Urmila | ||
| 245 | 0 | _aNeolithic sttlement patten of North-Eastern and Northern India | |
| 260 |
_aDelhi _bSarita Book House _c1991 |
||
| 300 | _axvi, 241p p. | ||
| 942 | _cBK | ||
| 999 |
_c69892 _d69892 |
||